Albert Einstein : (Record no. 5213)

MARC details
000 -LEADER
fixed length control field 01076nam a22003017a 4500
001 - CONTROL NUMBER
control field 5213
003 - CONTROL NUMBER IDENTIFIER
control field FISKH
005 - DATE AND TIME OF LATEST TRANSACTION
control field 20241212092224.0
008 - FIXED-LENGTH DATA ELEMENTS--GENERAL INFORMATION
fixed length control field 241119b cb ||||| |||| 00| 0 eng d
020 ## - INTERNATIONAL STANDARD BOOK NUMBER
International Standard Book Number 9780531222065
040 ## - CATALOGING SOURCE
Original cataloging agency FISKH
Language of cataloging eng
Transcribing agency FISKH
Modifying agency FISKH
050 ## - LIBRARY OF CONGRESS CALL NUMBER
Classification number QC16.E5
082 ## - DEWEY DECIMAL CLASSIFICATION NUMBER
Classification number 530.092
100 ## - MAIN ENTRY--PERSONAL NAME
Personal name Venezia, Mike
245 ## - TITLE STATEMENT
Title Albert Einstein :
Remainder of title universal genius /
Statement of responsibility, etc. by Mike Venezia
260 ## - PUBLICATION, DISTRIBUTION, ETC.
Place of publication, distribution, etc. New York :
Name of publisher, distributor, etc. Scholastic ;
Date of publication, distribution, etc. 2009 .
300 ## - PHYSICAL DESCRIPTION
Extent 32 pages :
Other physical details color illustrations ;
Dimensions 25 cm .
490 ## - SERIES STATEMENT
Series statement Getting to Know the World's Greatest Inventors & Scientists
505 ## - FORMATTED CONTENTS NOTE
Formatted contents note Z <br/>
520 ## - SUMMARY, ETC.
Summary, etc. Presents the life and accomplishments of the renowned physicist, discussing his theory of relativity and the ways in which it transformed the world's understanding about how the universe works.
521 8# - TARGET AUDIENCE NOTE
Target audience note 910 <br/>
Source Lexile <br/>
521 8# - TARGET AUDIENCE NOTE
Target audience note Z <br/>
Source Raz-Plus <br/>
650 ## - SUBJECT ADDED ENTRY--TOPICAL TERM
Topical term or geographic name entry element Einstein, Albert 1879-1955
Form subdivision juvenile literature
650 ## - SUBJECT ADDED ENTRY--TOPICAL TERM
Topical term or geographic name entry element inventors
Form subdivision non-fiction
700 ## - ADDED ENTRY--PERSONAL NAME
Personal name Venezia, Mike
Relator term illustrator
942 ## - ADDED ENTRY ELEMENTS (KOHA)
Source of classification or shelving scheme Dewey Decimal Classification
Koha item type Books
Suppress in OPAC No
Holdings
Withdrawn status Lost status Source of classification or shelving scheme Damaged status Not for loan Collection Home library Current library Shelving location Date acquired Total Checkouts Full call number Barcode Date last seen Copy number Price effective from Koha item type
    Dewey Decimal Classification     Non-Fiction Footprints International School Library Network Toul Kork Campus Footprints International School Library Network Toul Kork Campus TTP Secondary Non-Fiction Bookshelves 11/19/2024   VEN 530.092 QC16.E5 FIS05389 11/19/2024 1 11/19/2024 Books
    Dewey Decimal Classification     Non-Fiction Footprints International School Library Network Toul Kork Campus Footprints International School Library Network Toul Kork Campus TTP Secondary Non-Fiction Bookshelves 11/19/2024   VEN 530.092 QC16.E5 FISSE00817 12/12/2024 2 11/19/2024 Books
    Dewey Decimal Classification     Non-Fiction Footprints International School Library Network Toul Kork Campus Footprints International School Library Network Toul Kork Campus A TK Campus, 4th Floor, Room B401, Non-Fiction Bookcases(7-8) 04/21/2025   VEN 530.092 QC16.E5 FISTK04885 04/21/2025 3 04/21/2025 Books